000 00373nam a2200145Ia 4500
008 230917s9999||||xx |||||||||||||| ||und||
040 _e74617
_aMAIN
041 _aEnglish
082 _a338.13 N125A
100 _aNadkarni, M V
245 0 _aAgricultural prices and development with stability
260 _aDelhi
_bNational
_c1973
300 _axiv, 355 p.
942 _cBK
999 _c217275
_d217275